000 00857nam a2200241 4500
001 136440
003 ES-MaACL
005 20250824065259.0
007 t|
008 070214s1970 sp r ||||1| spa d
100 1 _aSade,
_cmarquis de,
_d1740-1814
_9101276
245 1 0 _aOxtiern o las desdichas del libertinaje ;
_bEl filósofo en su opinión /
_cMarquis de Sade ; traducción de Jacqueline y R. Conte.
260 _aMadrid :
_bCuadernos para el Diálogo,
_c1970.
300 _a145 p. ;
_c18 cm.
490 1 _aLibros de teatro ;
_v25
700 1 _aConte, Jacqueline.
_940266
700 1 _aConte, Rafael.
_940270
710 2 _aCuadernos para el Diálogo.
_93333
740 3 2 _aEl filósofo en su opinión.
830 1 0 _aLibros de teatro (Cuadernos para el Diálogo)
_v25
_9180757
852 _aES-MaACL
_jC-45901
999 _c136440
_d136440